Pre-historic Mackinac Island, (Record no. 28055)
[ view plain ]
| 000 -LEADER | |
|---|---|
| fixed length control field | 01143cam a22003131 4500 |
| 001 - CONTROL NUMBER | |
| control field | gs 46000018 |
| 003 - CONTROL NUMBER IDENTIFIER | |
| control field | DLC |
| 005 - DATE AND TIME OF LATEST TRANSACTION | |
| control field | 20260227111351.0 |
| 008 - FIXED-LENGTH DATA ELEMENTS--GENERAL INFORMATION | |
| fixed length control field | 770207s1945 miuab b s000 0 eng c |
| 010 ## - LIBRARY OF CONGRESS CONTROL NUMBER | |
| LC control number | gs 46000018 |
| 035 ## - SYSTEM CONTROL NUMBER | |
| System control number | (OCoLC)2722941 |
| 040 ## - CATALOGING SOURCE | |
| Original cataloging agency | U.S. Geol. Survey. Library |
| Transcribing agency | InMuB |
| Modifying agency | InMuB |
| -- | DLC |
| 042 ## - AUTHENTICATION CODE | |
| Authentication code | premarc |
| 043 ## - GEOGRAPHIC AREA CODE | |
| Geographic area code | n-us-mi |
| 050 00 - LIBRARY OF CONGRESS CALL NUMBER | |
| Classification number | QE125 |
| Item number | .A4 no. 36 |
| 051 ## - LIBRARY OF CONGRESS COPY, ISSUE, OFFPRINT STATEMENT | |
| Classification number | QE126.M3 |
| Item number | S8 Copy 2 |
| 082 ## - DEWEY DECIMAL CLASSIFICATION NUMBER | |
| Classification number | 557.74 |
| 100 1# - MAIN ENTRY--PERSONAL NAME | |
| Personal name | Stanley, George M., |
| Dates associated with a name | 1905- |
| 245 10 - TITLE STATEMENT | |
| Title | Pre-historic Mackinac Island, |
| Statement of responsibility, etc. | by George M. Stanley. |
| 260 ## - PUBLICATION, DISTRIBUTION, ETC. | |
| Place of publication, distribution, etc. | Lansing, |
| Date of publication, distribution, etc. | 1945. |
| 300 ## - PHYSICAL DESCRIPTION | |
| Extent | 74 p. |
| Other physical details | illus., maps (1 fold.) |
| Dimensions | 24 cm. |
| 490 1# - SERIES STATEMENT | |
| Series statement | Michigan. Dept. of Conservation. Geological Survey Division. Publication 43; Geological series 36 |
| 500 ## - GENERAL NOTE | |
| General note | "Published as a part of the Biennial report of the Geological Survey Division for 1944." |
| 504 ## - BIBLIOGRAPHY, ETC. NOTE | |
| Bibliography, etc. note | Bibliography: p. 74. |
| 650 #0 - SUBJECT ADDED ENTRY--TOPICAL TERM | |
| Topical term or geographic name entry element | Geology |
| Geographic subdivision | Michigan |
| -- | Mackinac Island. |
| 651 #0 - SUBJECT ADDED ENTRY--GEOGRAPHIC NAME | |
| Geographic name | Mackinac Island (Mich.) |
| 810 1# - SERIES ADDED ENTRY--CORPORATE NAME | |
| Corporate name or jurisdiction name as entry element | Michigan. |
| Subordinate unit | Geological Survey Division. |
| Title of a work | Publication ; |
| Volume/sequential designation | 43. |
| 810 1# - SERIES ADDED ENTRY--CORPORATE NAME | |
| Corporate name or jurisdiction name as entry element | Michigan. |
| Subordinate unit | Geological Survey Division. |
| Title of a work | Geological series ; |
| Volume/sequential designation | 36. |
No items available.